[Event "34 OFSz o Puchar Prezydenta Miasta Zabrz"]
[Site "Zabrze ul. Matejki 6"]
[Date "2011.09.23"]
[Round "1.3"]
[White "Mulet, Piotr"]
[Black "Korcz, Daniel"]
[Result "1-0"]
[WhiteElo "2284"]
[BlackElo "1833"]
[PlyCount "35"]
[EventDate "2011.??.??"]

1. e4 e5 2. Nf3 Nc6 3. Nc3 Nf6 4. Bb5 Bb4 5. O-O d6 6. Nd5 Ba5 7. d4 exd4 8.
Bg5 Bd7 9. Bxf6 gxf6 10. Nxd4 a6 11. Be2 Nb4 12. Bg4 Nxd5 13. exd5 Bxg4 14.
Qxg4 Qd7 15. Qe4+ Qe7 16. Qd3 O-O-O 17. Nc6 bxc6 18. dxc6 1-0

[Event "34 OFSz Zabrzanska Jesien"]
[Site "?"]
[Date "2011.09.23"]
[Round "1.4"]
[White "Klementys, Jerzy"]
[Black "Piesik, Piotr"]
[Result "0-1"]
[WhiteElo "1825"]
[BlackElo "2206"]
[PlyCount "123"]
[SourceDate "2011.09.24"]

1. d4 c5 2. d5 e5 3. c4 d6 4. Nc3 Be7 5. e4 Bg5 6. Nf3 Bxc1 7. Qxc1 Ne7 8. Bd3
Ng6 9. Qg5 Nd7 10. Qxd8+ Kxd8 11. g3 Nf6 12. h3 h5 13. h4 Bd7 14. a4 a6 15. a5
Kc7 16. Bc2 Raf8 17. Nd2 Ng4 18. Ke2 Ne7 19. Na4 f5 20. f3 Nf6 21. Raf1 f4 22.
gxf4 exf4 23. Rfg1 Bxa4 24. Bxa4 g6 25. Bc2 Nd7 26. Rb1 Rb8 27. b4 cxb4 28.
Rxb4 b6 29. axb6+ Rxb6 30. Rxb6 Kxb6 31. Rb1+ Ka7 32. Nb3 Rc8 33. Na5 Rc7 34.
Ba4 Ne5 35. Rb4 Rc5 36. Rb7+ Ka8 37. Rxe7 Rxa5 38. Be8 Ra2+ 39. Kf1 Nxc4 40.
Bxg6 Nd2+ 41. Ke2 Nxe4+ 42. Kd3 Nc5+ 43. Kc3 Ra3+ 44. Kc4 Rxf3 45. Rf7 Ra3 46.
Bxh5 f3 47. Bxf3 Ra4+ 48. Kc3 Rxh4 49. Rf6 Nb7 50. Rf5 Ka7 51. Kb2 Kb6 52. Rf8
Na5 53. Rb8+ Kc5 54. Ra8 Nc4+ 55. Ka1 a5 56. Rc8+ Kb4 57. Rb8+ Kc3 58. Rc8 Rh2
59. Bg4 Kb4 60. Rb8+ Ka3 61. Bd1 a4 62. Rb4 0-1

[Event "34 OFSz o Puchar Prezydenta Miasta Zabrz"]
[Site "Zabrze ul. Matejki 6"]
[Date "2011.09.23"]
[Round "1.5"]
[White "Kielar, Maciej"]
[Black "Mostowski, Boguslaw"]
[Result "1-0"]
[WhiteElo "2098"]
[BlackElo "1807"]
[PlyCount "69"]
[EventDate "2011.??.??"]

1. e4 c5 2. Nf3 d6 3. d4 cxd4 4. Nxd4 Nf6 5. Nc3 a6 6. Bg5 e6 7. f4 Be7 8. Qf3
Qc7 9. Bd3 b5 10. e5 Bb7 11. Qe2 dxe5 12. fxe5 Nd5 13. Nxd5 Bxd5 14. Bf4 Nd7
15. O-O g5 16. Bg3 h5 17. h3 Nc5 18. c4 Nxd3 19. cxd5 Qc5 20. Qxd3 Qxd5 21.
Rad1 Rd8 22. Qf3 Qxf3 23. Nxf3 O-O 24. Bf2 Kg7 25. Bb6 Rc8 26. Rd7 Bc5+ 27.
Bxc5 Rxc5 28. Nxg5 Rxe5 29. Nxf7 Re2 30. Nh6+ Kxh6 31. Rxf8 Rxb2 32. Rf6+ Kg5
33. Rxe6 Rxa2 34. Ra7 Ra1+ 35. Kh2 1-0

[Event "34 OFSz o Puchar Prezydenta Miasta Zabr"]
[Site "?"]
[Date "2011.09.23"]
[Round "1.6"]
[White "Szczecina, Kamil"]
[Black "Sroka, Janusz"]
[Result "1-0"]
[WhiteElo "1772"]
[BlackElo "2080"]
[PlyCount "103"]
[EventDate "2011.??.??"]

1. e4 d6 2. d4 Nf6 3. Bd3 e5 4. d5 Be7 5. Ne2 O-O 6. c4 Nbd7 7. Nbc3 a5 8. f3
Nc5 9. Be3 Bd7 10. Qd2 c6 11. g4 Nxd3+ 12. Qxd3 cxd5 13. cxd5 b5 14. Ng3 Ne8
15. O-O-O Qb8 16. Kb1 b4 17. Nce2 Bd8 18. h4 Bb5 19. Qd2 a4 20. Rdg1 Qb7 21. h5
Ba5 22. Qd1 Qa6 23. Nc1 Bb6 24. Qd2 b3 25. a3 Ba5 26. Qd1 Rc8 27. Rh2 Bb6 28.
Bxb6 Qxb6 29. Nf5 Rc7 30. g5 f6 31. g6 h6 32. Rhg2 Qa6 33. Qd2 Rc2 34. Nxh6+
Kh8 35. Nf7+ Kg8 36. Qe3 Rxf7 37. gxf7+ Kxf7 38. Rxc2 bxc2+ 39. Kxc2 Qc8+ 40.
Kb1 Qh3 41. Qa7+ Kf8 42. Qb6 Bd7 43. Qf2 Bb5 44. Qg3 Qxh5 45. Qg4 Qh6 46. Na2
Bc4 47. Nc3 Bd3+ 48. Ka1 Bc2 49. Qe6 Qh2 50. Qg4 Bb3 51. Nb5 Kg8 52. Nxd6 1-0

[Event "34 OFSz o Puchar Prezydenta Miasta Zabr"]
[Site "?"]
[Date "2011.09.23"]
[Round "1.7"]
[White "Kastelik, Adrian"]
[Black "Czornik, Adam"]
[Result "1-0"]
[WhiteElo "2048"]
[BlackElo "1758"]
[PlyCount "71"]
[EventDate "2011.??.??"]
[SourceDate "2011.09.23"]

1. e4 e6 2. d4 d5 3. e5 c5 4. Qg4 f5 5. Qg3 cxd4 6. Nf3 Nc6 7. Bd3 Nge7 8. O-O
Ng6 9. a3 Be7 10. Re1 O-O 11. b4 Bd7 12. Bb2 Qc7 13. Nbd2 Rac8 14. Nb3 Nd8 15.
Bxd4 b6 16. h4 Nf7 17. h5 Ngh8 18. Rac1 Ba4 19. Nbd2 b5 20. Nb3 Bxb3 21. cxb3
Qd7 22. Bxf5 Rxc1 23. Rxc1 Bg5 24. Nxg5 Nxg5 25. Bd3 Nhf7 26. f4 Ne4 27. Qe3
Qb7 28. Bxe4 dxe4 29. Re1 Qa6 30. Qxe4 Qxa3 31. Bc5 Rd8 32. f5 Qxb3 33. Qc6 Qd5
34. Qxd5 Rxd5 35. fxe6 Nxe5 36. e7 1-0

[Event "34 OFSz o Puchar Prezydenta Miasta Zabr"]
[Site "?"]
[Date "2011.09.23"]
[Round "1.8"]
[White "Mroczek, Henryk"]
[Black "Kuciel, Wladyslaw"]
[Result "0-1"]
[WhiteElo "1686"]
[BlackElo "2021"]
[PlyCount "86"]
[EventDate "2011.??.??"]
[SourceDate "2011.09.23"]

1. d4 Nf6 2. c4 e6 3. Nc3 Bb4 4. Qc2 O-O 5. e3 b6 6. a3 Bxc3+ 7. Qxc3 Bb7 8.
Nf3 Ne4 9. Qc2 d6 10. Bd3 f5 11. O-O Nd7 12. Qe2 Qe7 13. Nd2 e5 14. f3 Ng5 15.
Rf2 exd4 16. exd4 Qf6 17. f4 Ne6 18. d5 Nd4 19. Qh5 Nc5 20. Bf1 Rae8 21. Qd1 c6
22. Nf3 Nxf3+ 23. Qxf3 cxd5 24. cxd5 Ne4 25. Rc2 Bxd5 26. Qd3 Bb7 27. Be3 Nc5
28. Qc4+ d5 29. Qd4 Nb3 30. Qxf6 Rxf6 31. Re1 Rc6 32. Rxc6 Bxc6 33. Kf2 Kf8 34.
Bd3 d4 35. Bc1 Rxe1 36. Kxe1 Nxc1 37. Bxf5 g6 38. Bc2 d3 39. Bd1 Bxg2 40. Kd2
Ne2 41. Kxd3 Nxf4+ 42. Kd4 Ke7 43. Ke5 Nd3+ 0-1

[Event "34 OFSz o Puchar Prezydenta Miasta Zabrz"]
[Site "Zabrze ul. Matejki 6"]
[Date "2011.09.23"]
[Round "1.9"]
[White "Radzikowski, Dawid"]
[Black "Tomaka, Marek"]
[Result "1/2-1/2"]
[WhiteElo "2019"]
[BlackElo "1582"]
[PlyCount "70"]
[EventDate "2011.??.??"]

1. e4 c5 2. Nc3 Nc6 3. g3 d6 4. d3 Nf6 5. Be3 g6 6. h3 Bg7 7. Qd2 O-O 8. Bh6
Nd4 9. O-O-O b5 10. Nce2 Nxe2+ 11. Bxe2 Be6 12. Bxg7 Kxg7 13. Kb1 Qb6 14. h4
Qa6 15. b3 c4 16. h5 Rfc8 17. hxg6 fxg6 18. Nf3 c3 19. Qc1 Qa5 20. d4 Rc6 21.
e5 Ng4 22. d5 Ra6 23. a3 Bf5 24. Nd4 dxe5 25. Nxf5+ gxf5 26. Bxg4 fxg4 27. Qg5+
Kf8 28. Qf5+ Rf6 29. Qxe5 Rc8 30. Rxh7 Qxa3 31. Rh8+ Kg7 32. Qg5+ Rg6 33. Qe5+
Rf6 34. Qg5+ Rg6 35. Qe5+ Rf6 1/2-1/2

[Event "34 OFSz o Puchar Prezydenta Miasta Zabr"]
[Site "?"]
[Date "2011.09.23"]
[Round "1.10"]
[White "Sikora, Szymon"]
[Black "Jelen, Janusz"]
[Result "0-1"]
[WhiteElo "1533"]
[BlackElo "2013"]
[PlyCount "72"]
[EventDate "2011.??.??"]
[SourceDate "2011.09.23"]

1. e4 e5 2. Nf3 Nc6 3. Bb5 Nge7 4. c3 g6 5. d4 exd4 6. cxd4 d5 7. Nc3 Bg7 8.
O-O O-O 9. e5 a6 10. Ba4 b5 11. Bb3 Bg4 12. Ne2 Bxf3 13. gxf3 Nf5 14. Bc2 Qd7
15. f4 Nb4 16. Bxf5 Qxf5 17. Ng3 Qd7 18. f5 c5 19. f6 Bh8 20. a3 Nc6 21. Be3
Rfe8 22. f4 Bxf6 23. f5 Bh8 24. Qg4 cxd4 25. e6 fxe6 26. fxg6 hxg6 27. Nh5 Ne5
28. Qg5 Qe7 29. Rf6 dxe3 30. Raf1 e2 31. Rxg6+ Nxg6 32. Qxg6+ Bg7 33. Nf6+ Qxf6
34. Rxf6 e1=Q+ 35. Rf1 Qe3+ 36. Rf2 Rf8 0-1

[Event "34 OFSz o Puchar Prezydenta Miasta Zabr"]
[Site "?"]
[Date "2011.09.23"]
[Round "1.11"]
[White "Gromada, Andrzej"]
[Black "Pawlowski, Maciej"]
[Result "0-1"]
[WhiteElo "1989"]
[BlackElo "1495"]
[PlyCount "134"]
[EventDate "2011.??.??"]
[SourceDate "2011.09.23"]

1. e4 e6 2. d4 d5 3. Nc3 Nf6 4. Bg5 Be7 5. e5 Nfd7 6. h4 h6 7. Bxe7 Qxe7 8. Qd2
Qb4 9. O-O-O a6 10. f4 c5 11. Nf3 Nc6 12. h5 b5 13. Rh4 Qa5 14. Kb1 b4 15. Nxd5
exd5 16. f5 b3 17. Qxa5 bxc2+ 18. Kxc2 Nxa5 19. dxc5 Nxc5 20. Rf4 Nc6 21. Rxd5
Bxf5+ 22. Kc1 Ne6 23. Rc4 Ne7 24. Rd6 O-O 25. g4 Bh7 26. b4 Rfc8 27. Kb2 a5 28.
b5 a4 29. Nd2 a3+ 30. Kc3 Nc7 31. Rxc7 Rxc7+ 32. Kb4 Bc2 33. b6 Rb7 34. Bg2
Rbb8 35. Bxa8 Rxa8 36. Nc4 Be4 37. Nxa3 Nc6+ 38. Kb3 Nxe5 39. Nb5 Nxg4 40. a4
f5 41. Nc7 Rc8 42. a5 Nf6 43. a6 Ne8 44. Rd7 Bc6 45. Re7 Rb8 46. a7 Rxb6+ 47.
Kc3 Nxc7 48. Rxc7 Be4 49. Rc8+ Kf7 50. a8=Q Bxa8 51. Rxa8 Rd6 52. Ra7+ Kf6 53.
Rb7 g5 54. hxg6 Kxg6 55. Rb8 Kg5 56. Rg8+ Kf4 57. Rg7 Kf3 58. Kc4 f4 59. Kc5
Rd1 60. Rg6 Rh1 61. Kd4 Kf2 62. Ke4 f3 63. Rf6 Rh3 64. Rf5 Kg2 65. Ke3 h5 66.
Rg5+ Rg3 67. Rxh5 f2+ 0-1

[Event "34 OFSz o Puchar Prezydenta Miasta Zabr"]
[Site "?"]
[Date "2011.09.23"]
[Round "1.12"]
[White "Drela, Michal"]
[Black "Ekert, Mariusz"]
[Result "1/2-1/2"]
[WhiteElo "1459"]
[BlackElo "1957"]
[PlyCount "65"]
[EventDate "2011.??.??"]
[SourceDate "2011.09.23"]

1. e4 e6 2. d4 d5 3. exd5 exd5 4. Bd3 Bd6 5. Ne2 Ne7 6. Bf4 Nbc6 7. c3 Bg4 8.
f3 Bh5 9. Nd2 Bg6 10. Qc2 Qd7 11. Bxd6 Qxd6 12. Ng3 Qf4 13. O-O-O O-O-O 14.
Rhe1 Bxd3 15. Qxd3 h5 16. Qe3 Qxe3 17. Rxe3 h4 18. Ngf1 Nf5 19. Re2 Rde8 20.
Rde1 Rxe2 21. Rxe2 Kd7 22. Nb3 b6 23. Kd2 Re8 24. Rxe8 Kxe8 25. Ne3 Nce7 26.
Na1 Kd7 27. Nac2 c5 28. Kd3 Kd6 29. b3 f6 30. c4 Nxd4 31. Nxd4 cxd4 32. Kxd4
Nc6+ 33. Kd3 1/2-1/2

[Event "34 OFSz o Puchar Prezydenta Miasta Zabr"]
[Site "?"]
[Date "2011.09.23"]
[Round "1.13"]
[White "Galyga, Jozef"]
[Black "Michalak, Natalia"]
[Result "1-0"]
[WhiteElo "1953"]
[BlackElo "1422"]
[PlyCount "101"]
[EventDate "2011.??.??"]
[SourceDate "2011.09.23"]

1. e4 e5 2. Nf3 Nc6 3. Bb5 f5 4. d3 Nf6 5. O-O Bc5 6. exf5 O-O 7. Nc3 d6 8. Ne4
Bb6 9. Ng3 Ng4 10. h3 Bxf2+ 11. Rxf2 Nxf2 12. Kxf2 Bxf5 13. Bxc6 bxc6 14. Nxf5
Rxf5 15. Kg1 Qf6 16. Be3 c5 17. Nd2 Qh4 18. Qg4 Qxg4 19. hxg4 Rf7 20. Rf1 Rb8
21. b3 Rb4 22. g5 a5 23. a4 g6 24. Ne4 Rxf1+ 25. Kxf1 Kf7 26. Bd2 Rb7 27. Bxa5
Ke6 28. Ke2 Kf5 29. Kf3 Ra7 30. Bd2 Ra8 31. Nf6 h5 32. Nd5 c6 33. Ne7+ Ke6 34.
Nxg6 d5 35. Nh4 c4 36. dxc4 dxc4 37. Ke4 cxb3 38. cxb3 Rf8 39. Nf3 Rf5 40. b4
h4 41. a5 Rf7 42. Be3 Rb7 43. Bc5 Rg7 44. a6 Rg8 45. a7 Kd7 46. Nxe5+ Kc7 47.
g6 Kb7 48. Kf5 Re8 49. g7 Ka6 50. Kf6 Kb5 51. Nd7 1-0

[Event "34 OFSz o Puchar Prezydenta Miasta Zabrz"]
[Site "Zabrze ul. Matejki 6"]
[Date "2011.09.23"]
[Round "1.14"]
[White "Teske, Iwona"]
[Black "Semik, Tomasz"]
[Result "0-1"]
[WhiteElo "1600"]
[BlackElo "1878"]
[PlyCount "32"]
[EventDate "2011.??.??"]

1. d4 Nf6 2. c4 g6 3. e3 Bg7 4. Bd2 O-O 5. Nf3 d6 6. h3 Nc6 7. Bd3 e5 8. Nc3
Re8 9. Nh2 exd4 10. Ne2 Ne5 11. Qc2 Nxd3+ 12. Qxd3 Bf5 13. Qb3 Ne4 14. Nf3 Nc5
15. Qa3 dxe3 16. fxe3 Bxb2 0-1

[Event "34 OFSz o Puchar Prezydenta Miasta Zabr"]
[Site "?"]
[Date "2011.09.23"]
[Round "1.15"]
[White "Czarnecki, Artur"]
[Black "Liwowski, Piotr"]
[Result "1-0"]
[WhiteElo "1870"]
[BlackElo "1600"]
[PlyCount "50"]
[EventDate "2011.??.??"]
[SourceDate "2011.09.23"]

1. e4 e5 2. Nc3 Nc6 3. f4 Bc5 4. Nf3 d6 5. Na4 Bb6 6. Nxb6 axb6 7. Bc4 Nf6 8.
d3 O-O 9. O-O h6 10. a3 Re8 11. Qe1 Be6 12. Bxe6 Rxe6 13. f5 Re8 14. Qh4 Nh7
15. Qh5 Nf6 16. Qh3 Nh7 17. g4 f6 18. Kh1 Ng5 19. Qh5 Qe7 20. Nh4 Qf7 21. Ng6
d5 22. h4 Nh7 23. g5 dxe4 24. dxe4 Qc4 25. Qf3 Nd4 1-0

[Event "34 OFSz o Puchar Prezydenta Miasta Zabr"]
[Site "?"]
[Date "2011.09.24"]
[Round "2.15"]
[White "Mostowski, Boguslaw"]
[Black "Teske, Iwona"]
[Result "1-0"]
[WhiteElo "1807"]
[BlackElo "1600"]
[PlyCount "77"]
[EventDate "2011.??.??"]

1. e4 e6 2. d4 d5 3. Nc3 Be7 4. Nf3 b6 5. Bd3 Bb7 6. Qe2 f6 7. Bd2 Bb4 8. e5
Bxc3 9. Bxc3 Nd7 10. Bd2 f5 11. Ng5 Qe7 12. f4 g6 13. O-O-O O-O-O 14. Kb1 Kb8
15. c4 c5 16. cxd5 Bxd5 17. dxc5 Nxc5 18. Bb4 Rc8 19. Ba6 Rc7 20. Rd2 Nh6 21.
Rhd1 Rd8 22. Bc4 Rcd7 23. Bb5 Rc7 24. Bc4 Rcd7 25. Bxd5 exd5 26. e6 Rd6 27. h3
Kc7 28. Qe5 Kc6 29. Rc1 a5 30. Bxa5 bxa5 31. Rdc2 Qa7 32. Qd4 Kb7 33. Qxc5 Qxc5
34. Rxc5 d4 35. Rxa5 d3 36. Re5 d2 37. Rd1 Ng8 38. Nf7 Rxe6 39. Nxd8+ 1-0

[Event "34 OFSz o Puchar Prezydenta Miasta Zabr"]
[Site "?"]
[Date "2011.09.24"]
[Round "2.2"]
[White "Galyga, Jozef"]
[Black "Mulet, Piotr"]
[Result "0-1"]
[WhiteElo "1953"]
[BlackElo "2284"]
[PlyCount "70"]
[EventDate "2011.??.??"]

1. e4 e6 2. d3 d5 3. Nd2 c5 4. Ngf3 Nc6 5. Be2 g6 6. O-O Bg7 7. Nb3 b6 8. c3
Nge7 9. Qc2 O-O 10. Ne1 Bb7 11. f4 Rc8 12. Nf3 c4 13. dxc4 dxe4 14. Rd1 Qc7 15.
Ng5 Rfd8 16. Nxe4 Rxd1+ 17. Bxd1 e5 18. f5 Nxf5 19. Bg5 h6 20. g4 Nd6 21. Nxd6
Qxd6 22. Qd2 Qc7 23. Bh4 Ne7 24. Bxe7 Qxe7 25. Be2 Rd8 26. Qe3 Qc7 27. Rf1 Bf8
28. h3 a5 29. a4 Rd7 30. Kh2 Qc6 31. Bf3 Qxc4 32. Bxb7 Qxf1 33. Be4 Bc5 34.
Nxc5 bxc5 35. Bg2 Qf4+ 0-1

[Event "34 OFSz o Puchar Prezydenta Miasta Zabr"]
[Site "?"]
[Date "2011.09.24"]
[Round "2.4"]
[White "Semik, Tomasz"]
[Black "Kielar, Maciej"]
[Result "0-1"]
[WhiteElo "1878"]
[BlackElo "2098"]
[PlyCount "84"]
[EventDate "2011.??.??"]

1. c4 g6 2. Nc3 Bg7 3. Nf3 d6 4. g3 e5 5. Bg2 f5 6. d3 Nf6 7. O-O Nc6 8. Rb1 a5
9. a3 O-O 10. b4 axb4 11. axb4 h6 12. Bd2 g5 13. c5 Be6 14. Qc1 f4 15. Ne1 d5
16. Nc2 Qd7 17. b5 Nd4 18. Nxd4 exd4 19. Nd1 Nh5 20. c6 bxc6 21. Qxc6 Qxc6 22.
bxc6 Ra2 23. Rb2 Rfa8 24. gxf4 Rxb2 25. Nxb2 Ra2 26. Rb1 Nxf4 27. Bxf4 gxf4 28.
Bf3 Bf8 29. Nd1 Rc2 30. e4 dxe3 31. fxe3 fxe3 32. Nxe3 Bc5 33. Re1 Rc1 34. Bd1
Bxe3+ 35. Rxe3 Rxd1+ 36. Kf2 Kf7 37. Rf3+ Ke7 38. Ke3 Rh1 39. Rf2 Kd6 40. Kd4
h5 41. Re2 h4 42. Ke3 h3 0-1

[Event "34 OFSz o Puchar Prezydenta Miasta Zabr"]
[Site "?"]
[Date "2011.09.24"]
[Round "2.5"]
[White "Pawlowski, Maciej"]
[Black "Kastelik, Adrian"]
[Result "0-1"]
[WhiteElo "1495"]
[BlackElo "2048"]
[PlyCount "54"]
[EventDate "2011.??.??"]
[SourceDate "2011.09.24"]

1. e4 e5 2. Nf3 Nc6 3. Bc4 Nf6 4. d4 exd4 5. e5 Ng4 6. Bxf7+ Kxf7 7. Ng5+ Kg8
8. Qxg4 h6 9. Nf3 d6 10. Qe4 dxe5 11. Nxe5 Qe8 12. f4 Bd6 13. O-O Nxe5 14. fxe5
Qxe5 15. Qxe5 Bxe5 16. Nd2 b6 17. Nf3 Bf6 18. Bf4 c5 19. Ne5 Kh7 20. Rae1 Re8
21. a3 Ba6 22. Nd3 c4 23. Nb4 Bb7 24. Kf2 Rxe1 25. Rxe1 Rf8 26. g3 g5 27. Bd6
Be7+ 0-1

[Event "34 OFSz o Puchar Prezydenta Miasta Zabr"]
[Site "?"]
[Date "2011.09.24"]
[Round "2.6"]
[White "Kuciel, Wladyslaw"]
[Black "Szczecina, Kamil"]
[Result "1-0"]
[WhiteElo "2021"]
[BlackElo "1772"]
[PlyCount "59"]
[EventDate "2011.??.??"]

1. d4 Nf6 2. Nf3 e6 3. c4 d5 4. e3 c5 5. Nc3 b6 6. cxd5 exd5 7. Ne5 Bb7 8. Bb5+
Nbd7 9. dxc5 Bxc5 10. Nxd5 O-O 11. Nxd7 Nxd7 12. Bxd7 Qg5 13. Nf4 Bb4+ 14. Kf1
Ba6+ 15. Kg1 Rad8 16. Qg4 Qxg4 17. Bxg4 g5 18. a3 Be7 19. e4 gxf4 20. Bxf4 Rd4
21. Bf5 Bc8 22. Be5 Rd2 23. Bc3 Rc2 24. h4 Bxf5 25. exf5 Bc5 26. Rf1 Bxa3 27.
Rh3 Bd6 28. Rd1 Bc7 29. Rhd3 h5 30. Rd7 1-0

[Event "34 OFSz o Puchar Prezydenta Miasta Zabr"]
[Site "?"]
[Date "2011.09.24"]
[Round "2.7"]
[White "Juroszek, Tadeusz"]
[Black "Drela, Michal"]
[Result "1-0"]
[WhiteElo "2335"]
[BlackElo "1459"]
[PlyCount "83"]
[EventDate "2011.??.??"]

1. e4 c5 2. c3 d6 3. d4 cxd4 4. cxd4 g6 5. Nf3 Bg7 6. h3 Nc6 7. Nc3 Nf6 8. d5
Nb8 9. Be2 Nbd7 10. Be3 O-O 11. O-O b6 12. Nd4 Nc5 13. Qc2 Ba6 14. Bxa6 Nxa6
15. Rac1 Ne8 16. Ncb5 Qd7 17. Qc6 Nf6 18. Qxd7 Nxd7 19. Nc6 Rfe8 20. b4 Ne5 21.
a3 Nxc6 22. Rxc6 Nb8 23. Rcc1 Na6 24. Rc4 Rec8 25. Rxc8+ Rxc8 26. Nxa7 Rc4 27.
Bxb6 Bb2 28. b5 Nb8 29. Nc6 Nd7 30. Bd8 Bxa3 31. Nxe7+ Kf8 32. Nc6 Bc5 33. Rb1
Nb6 34. e5 Rc2 35. Bxb6 Bxb6 36. e6 Rxf2 37. Kh2 fxe6 38. dxe6 d5 39. Ra1 Bc7+
40. Kg1 Re2 41. Ra8+ Kg7 42. Ra7 1-0

[Event "34 OFSz o Puchar Prezydenta Miasta Zabr"]
[Site "?"]
[Date "2011.09.24"]
[Round "2.8"]
[White "Ekert, Mariusz"]
[Black "Radzikowski, Dawid"]
[Result "1/2-1/2"]
[WhiteElo "1957"]
[BlackElo "2019"]
[PlyCount "67"]
[EventDate "2011.??.??"]

1. d4 Nf6 2. c4 e6 3. Nc3 Bb4 4. a3 Bxc3+ 5. bxc3 b6 6. f3 Bb7 7. e4 d6 8. Bg5
Nbd7 9. Bd3 e5 10. Ne2 O-O 11. O-O Qe8 12. Ng3 Kh8 13. Nf5 Ng8 14. Bc2 f6 15.
Bd2 Rd8 16. g4 g6 17. Ne3 Ne7 18. Nd5 Qf7 19. Qe2 Nxd5 20. cxd5 Rde8 21. Qf2
Ba6 22. Rfe1 Re7 23. f4 Bc4 24. f5 Rg8 25. Kh1 Rge8 26. Re3 gxf5 27. gxf5 b5
28. Rg3 Rg8 29. Rxg8+ Qxg8 30. Rg1 Rg7 31. Rxg7 Qxg7 32. Qg3 Nb6 33. Kg2 a5 34.
Qxg7+ 1/2-1/2

[Event "34 OFSz o Puchar Prezydenta Miasta Zabr"]
[Site "?"]
[Date "2011.09.24"]
[Round "2.9"]
[White "Tomaka, Marek"]
[Black "Czornik, Janusz"]
[Result "0-1"]
[WhiteElo "1582"]
[BlackElo "1838"]
[PlyCount "52"]
[EventDate "2011.??.??"]

1. e4 c5 2. Nf3 d6 3. d4 cxd4 4. Nxd4 Nf6 5. Nc3 a6 6. Be3 e6 7. f3 b5 8. Qd2
Nbd7 9. O-O-O Bb7 10. g4 h6 11. h4 b4 12. Nce2 d5 13. e5 Nxe5 14. Ng3 Nc4 15.
Bxc4 dxc4 16. Qe2 Qc7 17. g5 hxg5 18. hxg5 Rxh1 19. Nxh1 Nd5 20. g6 Qe5 21.
gxf7+ Kxf7 22. Re1 Qxe3+ 23. Qxe3 Nxe3 24. Rxe3 Bc5 25. c3 Rd8 26. Kc2 Bxd4 0-1

[Event "34 OFSz o Puchar Prezydenta Miasta Zabr"]
[Site "?"]
[Date "2011.09.24"]
[Round "2.10"]
[White "Sroka, Janusz"]
[Black "Czornik, Adam"]
[Result "1-0"]
[WhiteElo "2080"]
[BlackElo "1758"]
[PlyCount "43"]
[EventDate "2011.??.??"]

1. e4 e6 2. d4 d5 3. e5 c5 4. c3 Qb6 5. Nf3 Nc6 6. a3 Nh6 7. b4 cxd4 8. cxd4
Nf5 9. Be3 Be7 10. Nc3 Bd7 11. Na4 Qd8 12. Bd3 O-O 13. O-O Nxe3 14. fxe3 f5 15.
exf6 Bxf6 16. Nc5 b6 17. Nxd7 Qxd7 18. Qc2 g6 19. Bb5 Rac8 20. Rac1 Qd6 21.
Bxc6 b5 22. Qc5 1-0

[Event "34 OFSz o Puchar Prezydenta Miasta Zabr"]
[Site "?"]
[Date "2011.09.24"]
[Round "2.11"]
[White "Michalak, Natalia"]
[Black "Gromada, Andrzej"]
[Result "1/2-1/2"]
[WhiteElo "1422"]
[BlackElo "1989"]
[PlyCount "127"]
[EventDate "2011.??.??"]

1. d4 Nf6 2. c4 g6 3. Nc3 d5 4. cxd5 Nxd5 5. Nxd5 Qxd5 6. Bf4 Nc6 7. Bxc7 Bg7
8. e3 Bf5 9. Nf3 O-O 10. Be2 Rac8 11. Bg3 Qa5+ 12. Qd2 Nb4 13. O-O Rc2 14. Qe1
Qb6 15. Rc1 Rfc8 16. Rxc2 Rxc2 17. Ne5 Bxe5 18. Bxe5 Nxa2 19. d5 Nc1 20. Bd4
Qb3 21. Bd1 Bd3 22. Bxc2 Ne2+ 23. Kh1 Qxc2 24. Qd1 Qc4 25. Re1 a5 26. Qd2 Qb5
27. Rd1 Be4 28. f3 Bf5 29. e4 Nxd4 30. Qxd4 Bd7 31. d6 exd6 32. Qxd6 Be6 33.
Qd2 Kg7 34. Kg1 Bb3 35. Qd3 Bc4 36. Qd4+ Kh6 37. e5 Qa6 38. Qh4+ Kg7 39. Rd6
Qa7+ 40. Qd4 Qxd4+ 41. Rxd4 Be6 42. Kf2 g5 43. h3 h5 44. g4 Kg6 45. Rd6 hxg4
46. hxg4 Kg7 47. Rxe6 fxe6 48. Ke3 Kf7 49. Kd4 Ke7 50. Kc5 Kd7 51. Kb6 Kc8 52.
Kxa5 Kc7 53. Kb5 b6 54. b3 Kb7 55. b4 Kc7 56. Kc4 Kc6 57. b5+ Kd7 58. Kd4 Ke7
59. Ke4 Kf7 60. f4 gxf4 61. g5 Kg6 62. Kxf4 Kh5 63. g6 Kxg6 64. Kg4 1/2-1/2

[Event "34 OFSz o Puchar Prezydenta Miasta Zabr"]
[Site "?"]
[Date "2011.09.24"]
[Round "2.12"]
[White "Gora, Tomasz"]
[Black "Mroczek, Henryk"]
[Result "1-0"]
[WhiteElo "1849"]
[BlackElo "1686"]
[PlyCount "47"]
[EventDate "2011.??.??"]

1. d4 Nf6 2. c4 e6 3. Nc3 Be7 4. e4 O-O 5. Bd3 d6 6. f4 Nc6 7. Nf3 b6 8. O-O
Bb7 9. Ng5 Nxd4 10. e5 dxe5 11. fxe5 Ne4 12. Ngxe4 Nf5 13. Kh1 Qd4 14. Qe2 Qxe5
15. Bf4 Qd4 16. Rad1 Qd7 17. Qh5 g6 18. Qg4 h5 19. Qf3 Kg7 20. Qh3 f6 21. Nxf6
Bxf6 22. Bxf5 Qf7 23. Bxe6 Qe7 24. Rd7 1-0

[Event "34 OFSz o Puchar Prezydenta Miasta Zabr"]
[Site "?"]
[Date "2011.09.24"]
[Round "2.13"]
[White "Korcz, Daniel"]
[Black "Sikora, Szymon"]
[Result "1-0"]
[WhiteElo "1833"]
[BlackElo "1533"]
[PlyCount "51"]
[EventDate "2011.??.??"]

1. e4 e6 2. d4 d5 3. exd5 exd5 4. Nf3 Bd6 5. Bd3 Nc6 6. c3 Nge7 7. O-O Bg4 8.
Re1 Qd7 9. b4 f6 10. a4 g5 11. a5 a6 12. Nbd2 O-O-O 13. b5 Nb8 14. bxa6 Nxa6
15. Qb3 c6 16. Rb1 Qc7 17. Ba3 Bxa3 18. Qxa3 Rhe8 19. Rb6 Ng6 20. Reb1 Bxf3 21.
Bf5+ Kb8 22. Nxf3 Nh4 23. Nxh4 gxh4 24. Rxa6 Qf4 25. Rxb7+ Kxb7 26. Qb4+ 1-0

[Event "34 OFSz o Puchar Prezydenta Miasta Zabr"]
[Site "?"]
[Date "2011.09.24"]
[Round "2.14"]
[White "Liwowski, Piotr"]
[Black "Klementys, Jerzy"]
[Result "0-1"]
[WhiteElo "1600"]
[BlackElo "1825"]
[PlyCount "52"]
[EventDate "2011.??.??"]

1. e4 c5 2. Nf3 d6 3. d4 cxd4 4. Nxd4 Nf6 5. Nc3 a6 6. Be3 e5 7. Nb3 Be6 8. f3
Qc7 9. Nd5 Nxd5 10. exd5 Bf5 11. Bd3 Bxd3 12. Qxd3 Nd7 13. O-O g6 14. Kh1 Bg7
15. c3 O-O 16. Qd2 f5 17. f4 Nf6 18. fxe5 dxe5 19. Nc5 f4 20. Ne6 fxe3 21. Nxc7
exd2 22. Nxa8 Rxa8 23. c4 e4 24. Rf2 e3 25. Re2 Bh6 26. b4 Ne4 0-1

[Event "34 OFSz o Puchar Prezydenta Miasta Zabrz"]
[Site "Zabrze ul. Matejki 6"]
[Date "2011.09.24"]
[Round "3.1"]
[White "Malaniuk, Vladimir P"]
[Black "Kielar, Maciej"]
[Result "1-0"]
[WhiteElo "2496"]
[BlackElo "2098"]
[PlyCount "151"]
[EventDate "2011.??.??"]

1. d4 Nf6 2. Nf3 g6 3. c3 Bg7 4. Bg5 d5 5. Nbd2 Nbd7 6. e3 O-O 7. b4 a5 8. a3
Nb6 9. Bd3 Bd7 10. O-O axb4 11. axb4 Ra4 12. Qc2 Qe8 13. Nb3 Ne4 14. Bxe4 dxe4
15. Qxe4 Bc6 16. Qxe7 Qc8 17. Bf4 Nd5 18. Qh4 Nxc3 19. Rxa4 Bxa4 20. Nc1 Bb5
21. Re1 Nd5 22. Bh6 Bxh6 23. Qxh6 f6 24. e4 Nxb4 25. Qe3 Qe6 26. Qc3 Qc4 27.
Qb2 c5 28. dxc5 Qxc5 29. h4 Nc6 30. Re3 Ne5 31. Nxe5 Qxe5 32. Qxe5 fxe5 33. Rc3
Bc6 34. f3 Kf7 35. Nd3 Kf6 36. Rc5 Re8 37. Kf2 Re6 38. g4 h6 39. Ke3 b6 40. Rc1
Ba4 41. Rc8 Bb3 42. Rc3 Ba4 43. Nb4 Ke7 44. Rc8 Bb3 45. Rh8 Kf7 46. Rh7+ Kf8
47. Rc7 Re7 48. Rc6 Re6 49. Rxe6 Bxe6 50. Nc6 Kf7 51. g5 hxg5 52. hxg5 Kg7 53.
Nxe5 Bb3 54. Kd4 Bd1 55. Kd3 Bb3 56. Kc3 Bd1 57. Kc4 Be2+ 58. Kd5 Bf1 59. Kd6
b5 60. Kc5 Be2 61. Kb4 Bf1 62. Kb3 Be2 63. Kc3 Bf1 64. Kb4 Be2 65. Kc5 Bf1 66.
Nc6 Kf7 67. Nd4 Ke7 68. Nxb5 Ke6 69. f4 Bd3 70. Nd4+ Ke7 71. Kd5 Bb1 72. Ke5
Ba2 73. f5 gxf5 74. exf5 Kf7 75. g6+ Ke7 76. f6+ 1-0

[Event "34 OFSz o Puchar Prezydenta Miasta Zabrz"]
[Site "Zabrze ul. Matejki 6"]
[Date "2011.09.24"]
[Round "3.2"]
[White "Mulet, Piotr"]
[Black "Kuciel, Wladyslaw"]
[Result "1-0"]
[WhiteElo "2284"]
[BlackElo "2021"]
[PlyCount "46"]
[EventDate "2011.??.??"]

1. e4 c5 2. Nf3 d6 3. d4 cxd4 4. Nxd4 Nf6 5. Nc3 a6 6. Bg5 e6 7. Qd2 h6 8. Bh4
Nxe4 9. Nxe4 Qxh4 10. Bd3 Nc6 11. Nxc6 bxc6 12. Qc3 c5 13. O-O-O d5 14. g3 Qd8
15. Nxc5 d4 16. Nxe6 fxe6 17. Bg6+ Ke7 18. Rxd4 Qb6 19. Rhd1 e5 20. Rd6 Qxd6
21. Rxd6 Kxd6 22. Be4 Bd7 23. Bxa8 Be7 1-0